Vista normal
Vista MARC
Entrada Personal Name
Número de registros utilizados en: 1
001 - CONTROL NUMBER
- control field: 24242
003 - CONTROL NUMBER IDENTIFIER
- control field: OSt
005 - DATE AND TIME OF LATEST TRANSACTION
- control field: 20230915231108.0
008 - FIXED-LENGTH DATA ELEMENTS
- fixed length control field: 230915|| aca||aabn | a|a d
040 ## - CATALOGING SOURCE
- Original cataloging agency: OSt
- Transcribing agency: OSt
100 ## - HEADING--PERSONAL NAME
- Personal name: The International commission on microbiological specifications for foods
670 ## - SOURCE DATA FOUND
- Source citation: Work cat.: (OSt)26694: The International commission on microbiological specifications for foods, , Microorganismos de los alimentos (2). Metodos de muestreo para análisis microbiológicos : , Acribia